000 01648nam a22002417a 4500
003 OSt
005 20210304143920.0
008 210304s2015 ck ao||gr|||| 00| 0 spa d
020 _a9789585792616
040 _aCO-JMCR
_cCO-JMCR
041 0 _aspa
_heng
082 0 4 _a359.322 /
_bP949s
_223
100 1 _aPrieto Diago, Jorge,
_eautor
_914373
245 1 0 _aSail Cartagena de Indias /
_cJorge Prieto Diago ; traducción Delia A. Daza ; fotografias, Alexandre Magre Devesa
250 _aTercera edición
260 _aCartagena de Indias :
_bDematinadas,
_c2015
300 _a200 páginas :
_bilustraciones y fotografías a blanco y negro ;
_c31 cm.
505 0 _aLa conquista del viento y de mar -- Velas latinoamericanas 2014 -- Cartagena de Indias -- Sail Cartagena de Indias -- Sail Cartagena de Indias 2014 países y buques participantes -- Buque Escuela A.R.C "Gloria" (Colombia) -- Fragata A.R.A. "libertad" (Argentina) -- Navio-Valeiro "Cisne Branco" (Brasil) -- Buque escuela " Esmeralda" (Chile) -- Buque escuela A.R.M. "Cuauhtémoc" (México) -- Buque escuela "Simón Bolívar" (Venezuela) -- Catamará "IceLady Patagonia II" (Argentina) -- Velero "Phantom" (Colombia) -- PZA A.R.C. "20 de Julio" (Colombia) -- Buque Oceanográfico A.R.C. "Providencia" (Colombia) -- USCGC "Bear" (Estados Unidos) -- HNLMS "Zeeland" (Holanda) -- Patrullera oceánica "General Francisco Morazán" (Honduras) -- Fragata Miselera B.A.P. "Villavisencio" (Perú) -- Guardacostas "Altair" (República Dominicana)
546 _aTextos en español e ingles.
650 1 4 _aBarcos
_911226
651 1 4 _aColombia.
_xArmada Nacional
_914374
942 _2ddc
_cBK
999 _c7445
_d7445